| 000 | 00492nam a2200157 4500 | ||
|---|---|---|---|
| 020 | _a978-607-15-0846-1 | ||
| 050 | _aHF1017 D53 2013 | ||
| 082 | _a519.5 D542e 2013 | ||
| 100 | _aDíaz Mata, Alfredo | ||
| 245 | _aEstadística aplicada a la administración y la economía / Alfredo Díaz Mata | ||
| 250 | _a1 | ||
| 260 | _aMéxico: McGraw-Hill | ||
| 300 | _axxii, 609 p. / 27 cm. | ||
| 500 | _aIncluye: Ap‚ndice, Glosario | ||
| 650 | _a1. ESTADÍSTICA / 2. ECONOMÍA-MÉTODO ESTADÍSTICO | ||
| 999 |
_c27909 _d27909 |
||